| 000 | 02580nam a2200325 i 4500 | ||
|---|---|---|---|
| 001 | 000012434 | ||
| 003 | DO-SdBNP | ||
| 005 | 20250630104809.0 | ||
| 007 | ta | ||
| 008 | 091112t1964 cl r 000 f spa d | ||
| 040 |
_aDO-SdBNP _bspa _cBNPHU _erda |
||
| 041 | _aspa | ||
| 082 | 4 |
_aCh863.44 _bL168f _222 |
|
| 100 | 1 |
_aLafourcade, Enrique, _d1927- _eautor _4aut. _921998 |
|
| 245 | 1 | 3 |
_aLa fiesta del rey Acab / _cEnrique Lafourcade. |
| 264 | 4 |
_aSantiago de Chile : _bEditora Zig-Zag, _c©1964. |
|
| 300 |
_a267 páginas ; _c21 cm. |
||
| 336 |
_atexto _btxt _2rdacontent |
||
| 337 |
_asin mediación _bn _2rdamedia |
||
| 338 |
_avolumen _bnc _2rdacarrier |
||
| 490 | 0 | _aBiblioteca de novelistas | |
| 500 | _aEsta es la primera novela que recoge la desaparición de Galíndez. En ella se recrea con gran verosimilitud un día en la vida del dictador Carrillo, que no es otro que Rafael Leónidas Trujillo. El día de su cumpleaños, donde se conjugan la megalomanía, el crimen, la adulación, el desenfreno, aderezados con el whisky, las comilonas y los desfiles. | ||
| 500 | _aEn La fiesta del rey Acab de Enrique Lafourcade, Jesús de Galíndez es mencionado como una figura clave dentro de los relatos de la represión política de la dictadura de Rafael Trujillo. El caso de Galíndez, que fue secuestrado y desaparecido en 1956, se presenta en el libro como una muestra de las atrocidades cometidas por los regímenes totalitarios, como el de Trujillo en la República Dominicana. Lafourcade utiliza la figura de Galíndez no solo para señalar la brutalidad del régimen, sino también para reflexionar sobre la corrupción del poder, la impunidad de los dictadores y las víctimas que caen en el olvido. En la obra, Galíndez se convierte en un símbolo de los ideales de libertad y justicia que son asesinados por la opresión. La referencia a Galíndez está cargada de simbolismo y se inserta en el marco de la crítica general que hace Lafourcade a las estructuras autoritarias, tanto en el contexto dominicano como en otros países de América Latina. El libro, por lo tanto, menciona a Galíndez en un tono reflexivo, denunciando las injusticias que sufrió y la falta de justicia que persiste, además de contrastar su lucha por la verdad con la crueldad de los regímenes dictatoriales. | ||
| 590 | _aInventariado, 2018/BT | ||
| 650 | 4 |
_aNovela chilena _93163 |
|
| 650 | 4 |
_aLiteratura chilena _93164 |
|
| 651 | 0 |
_aREPÚBLICA DOMINICANA _xHISTORIA _yERA DE TRUJILLO, 1930-1961 _xNOVELA _921999 |
|
| 910 | _aValidado. Control de calidad. EMS | ||
| 942 |
_2ddc _cLBS1 |
||
| 999 |
_c12091 _d12091 |
||